[Event "Porto San Giorgio Weekend-A 13th"]
[Site "Porto San Giorgio"]
[Date "2010.11.27"]
[Round "4"]
[White "Balzano, Filli"]
[Black "Di Pietro, Gabriele"]
[Result "1-0"]
[WhiteElo "1805"]
[BlackElo "1856"]
[PlyCount "125"]
[EventDate "2010.11.20"]
[EventType "swiss"]
[EventRounds "6"]
[EventCountry "ITA"]
[SourceTitle "EXT 2024"]
[Source "ChessBase"]
[SourceDate "2023.10.10"]
[SourceVersion "1"]
[SourceVersionDate "2023.10.10"]
[SourceQuality "1"]

1. e4 Nf6 2. e5 Nd5 3. d4 d6 4. Nf3 Bg4 5. exd6 cxd6 6. c4 Nb6 7. Nc3 e6 8. Be2 Be7 9. h3 Bh5 10. 0-0 0-0 11. Bf4 a6 12. Rc1 Bxf3 13. Bxf3 Nxc4 14. Bxb7 Ra7 15. Be4 d5 16. Qe2 Nxb2 17. Bxh7+ Kxh7 18. Qxb2 Nd7 19. Qe2 Bf6 20. Rfd1 Nb6 21. Rb1 Nc4 22. Na4 Be7 23. Qd3+ Kh8 24. Qb3 Qa5 25. Nb2 Nd6 26. Bxd6 Bxd6 27. Nd3 Rc8 28. Qb6 Qxb6 29. Rxb6 Be7 30. Ne5 Bf6 31. f4 Kg8 32. Rdb1 a5 33. Rb8 Rac7 34. Rxc8+ Rxc8 35. Rb2 Rc1+ 36. Kf2 Rc7 37. Ke2 g6 38. Kd2 Be7 39. Nd3 Rc4 40. Ke3 Rc3 41. Kd2 Rc4 42. Ke3 a4 43. Ne5 Rc3+ 44. Kd2 Rg3 45. Ke1 Bd6 46. Kf2 Rc3 47. Ke2 a3 48. Rd2 Bb4 49. Nd3 Ba5 50. Ne1 Rc1 51. Rd1 Rc4 52. Rd3 Bb6 53. Nf3 Rc2+ 54. Rd2 Rb2 55. Kd3 Rxd2+ 56. Nxd2 Kg7 57. Nb1 Kf6 58. Nxa3 Kf5 59. Ke3 Bc7 60. g4+ Kf6 61. Nb5 Bb8 62. a4 Ke7 63. a5 1-0

[Event "Porto San Giorgio Weekend-A 13th"]
[Site "Porto San Giorgio"]
[Date "2010.11.21"]
[Round "3"]
[White "Giobbi, Costantino"]
[Black "Balzano, Filli"]
[Result "1-0"]
[WhiteElo "1916"]
[BlackElo "1805"]
[PlyCount "165"]
[EventDate "2010.11.20"]
[EventType "swiss"]
[EventRounds "6"]
[EventCountry "ITA"]
[SourceTitle "EXT 2024"]
[Source "ChessBase"]
[SourceDate "2023.10.10"]
[SourceVersion "1"]
[SourceVersionDate "2023.10.10"]
[SourceQuality "1"]

1. d4 d5 2. c4 c6 3. Nf3 Nf6 4. Nc3 dxc4 5. a4 Bf5 6. Ne5 Nbd7 7. Nxc4 Qc7 8. Bg5 h6 9. Bh4 e6 10. Bg3 Qd8 11. Qb3 Nb6 12. e3 Be7 13. h3 Nxc4 14. Bxc4 Qd7 15. 0-0 0-0 16. Rfe1 Ne4 17. Nxe4 Bxe4 18. Rac1 a5 19. Be2 Bb4 20. Red1 Rfd8 21. f3 Bg6 22. e4 Qe7 23. Bf2 Rac8 24. Bc4 Rd7 25. Qe3 Rcd8 26. Qe2 Qg5 27. Be3 Qe7 28. Qf2 Rb8 29. Bb3 Rbd8 30. Ba2 Rb8 31. Kh1 Kh8 32. Qg3 Rbd8 33. Bb3 Ra8 34. Qf2 Rad8 35. g4 Ra8 36. Qg3 Rad8 37. h4 Bd6 38. Qh3 Bb4 39. h5 Bh7 40. Rg1 f6 41. g5 fxg5 42. Bxe6 Rd6 43. Bf5 Bxf5 44. Qxf5 Rf6 45. Qg4 Rdf8 46. Rcf1 c5 47. d5 Qe5 48. Qg3 Qxb2 49. e5 Rf5 50. f4 Qe2 51. Rf2 Qd3 52. d6 Qe4+ 53. Kh2 R8f7 54. Qf3 Qxf3 55. Rxf3 gxf4 56. e6 fxe3 57. Rxf5 Rxf5 58. e7 Rxh5+ 59. Kg3 Rg5+ 60. Kf4 Rxg1 61. e8Q+ Kh7 62. Qe4+ Kg8 63. d7 Rd1 64. Qe8+ Kh7 65. d8Q Rxd8 66. Qxd8 Bd2 67. Qd3+ Kh8 68. Kf5 Kh7 69. Kg4+ g6 70. Qd7+ Kh8 71. Qe8+ Kg7 72. Kf3 c4 73. Qd7+ Kf6 74. Qd4+ Kf7 75. Qxc4+ Kf6 76. Qf4+ Kg7 77. Qd4+ Kh7 78. Qd7+ Kg8 79. Ke4 h5 80. Kd5 Kh8 81. Ke6 Kg8 82. Kf6 Bc3+ 83. Kxg6 1-0

[Event "Wch U14 Girls"]
[Site "Kemer"]
[Date "2009.11.15"]
[Round "4"]
[White "Rodrigues, Fernanda dos Santos"]
[Black "Balzano, Filli"]
[Result "1-0"]
[WhiteElo "1949"]
[BlackElo "1688"]
[PlyCount "69"]
[EventDate "2009.11.12"]
[EventType "swiss"]
[EventRounds "11"]
[EventCountry "TUR"]
[SourceTitle "EXT 2010"]
[Source "ChessBase"]
[SourceDate "2010.11.25"]
[SourceVersion "1"]
[SourceVersionDate "2010.11.25"]
[SourceQuality "1"]

1. d4 d5 2. c4 c6 3. cxd5 cxd5 4. Nc3 Nc6 5. Nf3 Nf6 6. Bf4 a6 7. e3 Bf5 8. a3 e6 9. Rc1 Rc8 10. Bd3 Bg6 11. 0-0 Bd6 12. Bxd6 Qxd6 13. Na4 Nd7 14. Qb3 Bxd3 15. Qxd3 0-0 16. Nc5 Nxc5 17. Rxc5 Ne7 18. Rfc1 Qb8 19. g3 g6 20. Ne5 Rxc5 21. Rxc5 Rc8 22. Nd7 Qa7 23. Rxc8+ Nxc8 24. Qc3 Qa8 25. Qc7 Ne7 26. Ne5 Qf8 27. Qxb7 Nc8 28. Qc7 Ne7 29. Nd7 Qa8 30. Nf6+ Kf8 31. Nxh7+ Ke8 32. Nf6+ Kf8 33. Nd7+ Kg8 34. Ne5 Kf8 35. Qd6 1-0

[Event "Wch U14 Girls"]
[Site "Kemer"]
[Date "2009.11.12"]
[Round "1"]
[White "Balzano, Filli"]
[Black "Eid, Maha"]
[Result "1/2-1/2"]
[WhiteElo "1688"]
[BlackElo "1993"]
[PlyCount "64"]
[EventDate "2009.11.12"]
[EventType "swiss"]
[EventRounds "11"]
[EventCountry "TUR"]
[SourceTitle "EXT 2010"]
[Source "ChessBase"]
[SourceDate "2010.11.25"]
[SourceVersion "1"]
[SourceVersionDate "2010.11.25"]
[SourceQuality "1"]

1. e4 c5 2. c3 d5 3. exd5 Qxd5 4. d4 Nf6 5. Nf3 e6 6. Be2 Be7 7. 0-0 0-0 8. Be3 cxd4 9. cxd4 Rd8 10. Nc3 Qa5 11. Qb3 Nc6 12. a3 a6 13. Rfd1 b5 14. d5 exd5 15. Nxd5 Nxd5 16. Rxd5 Be6 17. Rxd8+ Rxd8 18. Qc2 Rc8 19. Qe4 Bf6 20. Rc1 Ne7 21. Rxc8+ Bxc8 22. Bd3 Qd8 23. Qxh7+ Kf8 24. Qh8+ Ng8 25. Bc5+ Be7 26. Bxe7+ Kxe7 27. Qh4+ Nf6 28. Qb4+ Qd6 29. Qxd6+ Kxd6 30. Kf1 Nd5 31. Bc2 a5 32. Bb3 f6 1/2-1/2

[Event "Wch U14 Girls"]
[Site "Kemer"]
[Date "2009.11.12"]
[Round "2"]
[White "Nandhidhaa, PV."]
[Black "Balzano, Filli"]
[Result "1-0"]
[WhiteElo "2007"]
[BlackElo "1688"]
[PlyCount "66"]
[EventDate "2009.11.12"]
[EventType "swiss"]
[EventRounds "11"]
[EventCountry "TUR"]
[SourceTitle "EXT 2010"]
[Source "ChessBase"]
[SourceDate "2010.11.25"]
[SourceVersion "1"]
[SourceVersionDate "2010.11.25"]
[SourceQuality "1"]

1. e4 c6 2. d4 d5 3. exd5 cxd5 4. Bd3 Nc6 5. c3 Nf6 6. Bf4 e6 7. Nf3 Bd6 8. Bxd6 Qxd6 9. 0-0 0-0 10. Nbd2 Re8 11. Re1 e5 12. dxe5 Nxe5 13. Nxe5 Rxe5 14. Rxe5 Qxe5 15. Nf3 Qc7 16. Nd4 Ng4 17. g3 Ne5 18. Bf1 Bd7 19. Bg2 Bc6 20. Nf5 Rd8 21. Qd4 g6 22. Nh6+ Kg7 23. Ng4 f6 24. Nxf6 Kxf6 25. f4 Re8 26. fxe5+ Qxe5 27. Qxa7 Qe2 28. Qd4+ Qe5 29. Rf1+ Kg7 30. Qxe5+ Rxe5 31. Bf3 Re3 32. Rf2 Re7 33. Bd1 Bd7 1-0